Ukazatele hospodářského vývoje v zahraničí '82

Gespeichert in:
Bibliographische Detailangaben
Format: Buch
Sprache:Tschechisch
Veröffentlicht: Praha Ústředí vědeckých, technických a ekonomických informací 1982
Tags: Tag hinzufügen
Keine Tags, Fügen Sie das erste Tag hinzu!

MARC

LEADER 00000nam a2200000 4500
001 c132098
005 20250917082910.0
041 0 |a cze 
044 |a CZ 
245 1 0 |a Ukazatele hospodářského vývoje v zahraničí '82 
264 1 |a Praha  |b Ústředí vědeckých, technických a ekonomických informací  |c 1982 
300 |a 548 s.